Scuderie con più Pole position consecutive in Formula 1 - Statistics

Statistiche generali
  • Questo quiz è stato fatto 62 volte
  • Il punteggio medio è 9 su 10
Statistiche sulle risposte
Nazione Pole position consecutive Scuderia % Corretto
Germania 23 Mercedes
100%
Germania 18 Mercedes
100%
Germania 14 Mercedes
100%
Germania 11 Mercedes
100%
Regno Unito / Austria 16 Red Bull
98%
Regno Unito 17 McLaren
95%
Regno Unito 12 McLaren
95%
Regno Unito 24 Williams
91%
Regno Unito 10 Williams
91%
Regno Unito 10 Team Lotus
55%
Nessun quiz corrispondente trovato
Distribuzione punteggi
Percentuale di utenti per punteggio
Percentile per numero di risposta
I tuoi punteggi nel tempo
Non hai fatto questo quiz